000 00255nam a2200109Ia 4500
008 200302s9999 xx 000 0 und d
100 _aFrancesc Zamora Mola
245 _aThe Sketch Book
260 _bLoft Publications
260 _c2010
300 _a597 P.,
999 _c3131
_d3131